Experiencias : naturales y sociales : Madrid : 5 : libro del profesor

Gespeichert in:
Bibliographische Detailangaben
Weitere Verfasser: Agra Cadarso, María Jesús
Format: Buch
Sprache:Spanisch
Erschienen: [Madrid] : S.M., D.L. 1990
Katalog:MANES:  Suchergebnis im Bibliothekskatalog
Schulbuchspezifische Eigenschaften:
Schlagworte:
Tags: Tag hinzufügen
Keine Tags, Fügen Sie den ersten Tag hinzu!
Hinzugefügt zu:02.11.1998
Geändert in:07.05.2025

MARC

LEADER 00000cam a2200000 i 4500
005 20250507134534.0
008 981103s1990 espa fp 000 0 spa d
020 |a 8434830094 
040 |a uned  |b spa  |c entro-manes 
245 0 0 |a Experiencias :   |b naturales y sociales : Madrid : 5 : libro del profesor /   |c [equipo de autores, Mª Jesús Agra Cadarso ... (et al.) ; dibujos, José Ayala] 
260 |a [Madrid] :   |b S.M.,   |c D.L. 1990 
300 |a 238 p. :   |b il. col. 
546 |a España 
561 |5 es-BUNED  |3 L.T.M. 1569  |a España. Fondo Manes UNED  |k MANES 
690 0 |a CN  |a CS  |a GEO 
650 7 |a Manual del docente  |9 36315 
691 0 |a PRI 
700 1 |a Agra Cadarso, María Jesús  |9 37683 
942 |2 ddc  |c BK 
999 |c 96751  |d 96751 
999 |c manes:96751  |d 96751